Entry Personal Name
Number of records used in: 1
001 - CONTROL NUMBER
003 - CONTROL NUMBER IDENTIFIER
005 - DATE AND TIME OF LATEST TRANSACTION
- control field:
20220922115958.0
008 - FIXED-LENGTH DATA ELEMENTS
- fixed length control field:
820726n| acannaab| |a aaa |||
010 ## - LIBRARY OF CONGRESS CONTROL NUMBER
- LC control number:
n 82095886
040 ## - CATALOGING SOURCE
- Original cataloging agency:
DLC
- Transcribing agency:
DLC
100 10 - HEADING--PERSONAL NAME
- Personal name:
Mitchell, Tom M.
- Fuller form of name:
(Tom Michael),
- Dates associated with a name:
1951-
400 10 - SEE FROM TRACING--PERSONAL NAME
- Personal name:
Mitchell, Tom,
- Dates associated with a name:
1951-
400 10 - SEE FROM TRACING--PERSONAL NAME
- Personal name:
Mitchell, Tom Michael,
- Dates associated with a name:
1951-
670 ## - SOURCE DATA FOUND
- Source citation:
Machine learning, c1982:
- Information found:
CIP t.p. (Tom Mitchell, Rutgers Univ.) data sheet (b. 8/9/51) book t.p. (Tom M. Mitchell) t.p. verso (Mitchell, Tom Michael)